[Event "HUN-ch U18"]
[Site "Balatonlelle"]
[Date "2014.06.27"]
[Round "8"]
[White "Nemeth, Gergely"]
[Black "Nagybiro, Laszlo"]
[Result "1/2-1/2"]
[WhiteElo "2119"]
[BlackElo "1984"]
[PlyCount "93"]
[EventDate "2014.06.20"]
[EventType "swiss"]
[EventRounds "9"]
[EventCountry "HUN"]
[SourceTitle "EXT 2024"]
[Source "ChessBase"]
[SourceDate "2023.10.10"]
[SourceVersion "1"]
[SourceVersionDate "2023.10.10"]
[SourceQuality "1"]

1. e4 c6 2. Nc3 d5 3. Nf3 dxe4 4. Nxe4 Nf6 5. Qe2 Nxe4 6. Qxe4 Qd5 7. Bd3 Qxe4+ 8. Bxe4 g6 9. d4 Bg7 10. c3 0-0 11. 0-0 Nd7 12. Re1 Re8 13. Bf4 Nf6 14. Bc2 Nd5 15. Bg3 Bd7 16. a3 Nb6 17. Bb3 h6 18. Ne5 Bxe5 19. Rxe5 Kg7 20. Rae1 e6 21. R5e2 Rac8 22. Be5+ Kh7 23. Rd1 c5 24. dxc5 Rxc5 25. Bd4 Rc7 26. Red2 Bc6 27. Be3 Rcc8 28. Rd4 Kg7 29. Rh4 g5 30. Rhd4 Nd5 31. Bc1 Ne7 32. Re1 Ng6 33. Bc2 Nh4 34. Be4 Bxe4 35. Rexe4 Red8 36. f3 Nf5 37. Rxd8 Rxd8 38. Kf2 Rd1 39. Re1 Rxe1 40. Kxe1 Kf6 41. Ke2 Ke5 42. b3 b5 43. g3 Kd5 44. Kd3 Nd6 45. h3 e5 46. h4 f6 47. hxg5 1/2-1/2

[Event "HUN-ch U18"]
[Site "Balatonlelle"]
[Date "2014.06.23"]
[Round "4"]
[White "Orosz, Andras1111"]
[Black "Nemeth, Gergely"]
[Result "1-0"]
[WhiteElo "2227"]
[BlackElo "2119"]
[PlyCount "39"]
[EventDate "2014.06.20"]
[EventType "swiss"]
[EventRounds "9"]
[EventCountry "HUN"]
[SourceTitle "EXT 2024"]
[Source "ChessBase"]
[SourceDate "2023.10.10"]
[SourceVersion "1"]
[SourceVersionDate "2023.10.10"]
[SourceQuality "1"]

1. e4 e6 2. d4 d5 3. Nc3 Nf6 4. Bg5 Be7 5. e5 Nfd7 6. h4 Bxg5 7. hxg5 Qxg5 8. Qd3 h6 9. Nh3 Qh4 10. 0-0-0 a6 11. f4 c5 12. dxc5 Nc6 13. Qf3 Nxc5 14. Nf2 Qe7 15. Qg3 Kf8 16. Nd3 Nxd3+ 17. Bxd3 Kg8 18. Rh4 g5 19. Rdh1 Kg7 20. Rxh6 1-0

[Event "HUN-chT2 Charousek 1314"]
[Site "Hungary"]
[Date "2014.04.27"]
[Round "11"]
[White "Kadar, Gabor"]
[Black "Nemeth, Gergely"]
[Result "1/2-1/2"]
[WhiteElo "2107"]
[BlackElo "2052"]
[PlyCount "39"]
[EventDate "2013.09.08"]
[EventType "team-tourn"]
[EventRounds "11"]
[EventCountry "HUN"]
[SourceTitle "EXT 2016"]
[Source "ChessBase"]
[SourceDate "2015.10.08"]
[SourceVersion "1"]
[SourceVersionDate "2015.10.08"]
[SourceQuality "1"]
[WhiteTeam "Komlo Banyasz"]
[BlackTeam "Paks ASE II"]
[WhiteTeamCountry "HUN"]
[BlackTeamCountry "HUN"]

1. d4 e6 2. Nf3 d5 3. g3 Nf6 4. Bg2 Bd6 5. Nbd2 0-0 6. 0-0 c6 7. c4 b6 8. b3 Ba6 9. Bb2 Nbd7 10. Rc1 Rc8 11. Re1 Qe7 12. e4 Bb4 13. a3 dxe4 14. axb4 exf3 15. Bxf3 Rfd8 16. Ra1 Nb8 17. Bc3 Rd7 18. Ra2 Rcd8 19. Qa1 Bc8 20. Ne4 1/2-1/2

[Event "HUN-chT2 Charousek 1314"]
[Site "Hungary"]
[Date "2014.02.02"]
[Round "6"]
[White "Nemeth, Gergely"]
[Black "Dvornitzky, Beatrix"]
[Result "1-0"]
[WhiteElo "2052"]
[BlackElo "1837"]
[PlyCount "45"]
[EventDate "2013.09.08"]
[EventType "team-tourn"]
[EventRounds "11"]
[EventCountry "HUN"]
[SourceTitle "EXT 2016"]
[Source "ChessBase"]
[SourceDate "2015.10.08"]
[SourceVersion "1"]
[SourceVersionDate "2015.10.08"]
[SourceQuality "1"]
[WhiteTeam "Paks ASE II"]
[BlackTeam "Budapest EAC"]
[WhiteTeamCountry "HUN"]
[BlackTeamCountry "HUN"]

1. e4 e5 2. d4 exd4 3. Nf3 d5 4. exd5 Qxd5 5. Nxd4 Nc6 6. Qe2+ Be6 7. Nxe6 Qxe6 8. Qxe6+ fxe6 9. Bb5 Kd7 10. 0-0 Bd6 11. c4 Nge7 12. Nc3 h6 13. Rd1 Kc8 14. Ne4 Rd8 15. Be3 a6 16. Ba4 Na5 17. Rac1 Nf5 18. Bd2 Nc6 19. Bc3 g5 20. Bxc6 bxc6 21. Bf6 Rd7 22. Rd2 Ne7 23. Rcd1 1-0

[Event "Budapest Karacsonyi op 5th"]
[Site "Budapest"]
[Date "2013.12.30"]
[Round "7"]
[White "Bodrogi, Laszlo"]
[Black "Nemeth, Gergely"]
[Result "0-1"]
[WhiteElo "2019"]
[BlackElo "2075"]
[PlyCount "76"]
[EventDate "2013.12.27"]
[EventType "swiss"]
[EventRounds "7"]
[EventCountry "HUN"]
[SourceTitle "CBM 158 Extra"]
[Source "ChessBase"]
[SourceDate "2014.02.28"]
[SourceVersion "1"]
[SourceVersionDate "2014.02.28"]
[SourceQuality "1"]

1. d4 e6 2. e4 d5 3. Nc3 Nf6 4. e5 Nfd7 5. f4 c5 6. Nf3 Nc6 7. Be3 a6 8. Qd2 b5 9. Qf2 Qb6 10. dxc5 Bxc5 11. Bxc5 Nxc5 12. Bd3 b4 13. Ne2 Rb8 14. 0-0 0-0 15. Bxh7+ Kxh7 16. Qh4+ Kg8 17. Ng5 Ne4+ 18. Kh1 Nxg5 19. Qxg5 Qd8 20. Qh5 f5 21. Rf3 Qe8 22. Qh4 Qe7 23. Qh5 Qf7 24. Qh4 g6 25. Rh3 Qg7 26. Ng3 Kf7 27. Qg5 Bd7 28. Rh6 Rh8 29. Rxh8 Rxh8 30. a3 Qh6 31. Qf6+ Ke8 32. Nf1 Rf8 33. Qg5 Qxg5 34. fxg5 Nxe5 35. axb4 Bb5 36. Nd2 Ke7 37. Nb3 Kd6 38. Nd4 Nc6 0-1